HUMAN ANATOMY A DISSECTION MANUAL (Record no. 8472)

MARC details
000 -LEADER
fixed length control field 00293nam a22001337a 4500
003 - CONTROL NUMBER IDENTIFIER
control field SGT
082 ## - DEWEY DECIMAL CLASSIFICATION NUMBER
Classification number 611
Item number H12K
100 ## - MAIN ENTRY--PERSONAL NAME
Personal name KIRAN, SUJATHA
245 ## - TITLE STATEMENT
Title HUMAN ANATOMY A DISSECTION MANUAL
260 ## - PUBLICATION, DISTRIBUTION, ETC. (IMPRINT)
Place of publication, distribution, etc DELHI
Name of publisher, distributor, etc JAYPEE PUB
Year of Publication 2012
300 ## - PAGE DESCRIPTION
No. of Pages 406
650 ## - SUBJECT ADDED ENTRY--TOPICAL TERM
Topical term or geographic name as entry element HUMAN ANATOMY
942 ## - ADDED ENTRY ELEMENTS (KOHA)
Source of classification or shelving scheme Dewey Decimal Classification
Koha item type Books
942 ## - ADDED ENTRY ELEMENTS (KOHA)
-- 4
Holdings
Withdrawn status Lost status Source of classification or shelving scheme Damaged status Not for loan Collection code Home library Current library Shelving location Date acquired Vendor Name Cost, normal purchase price SGTU Bill Number Total Checkouts Full call number Accession No. (Barcode) Date last seen Date last borrowed Bill Date Koha item type
    Dewey Decimal Classification     AYURVEDA SGT FA-FP Library SGT FA-FP Library Text Book 16/03/2016 AHUJA 695.00 SGTU 6404 3 611 H12K FA3684 26/03/2025 26/03/2025 22/12/2015 Books
    Dewey Decimal Classification     AYURVEDA SGT FA-FP Library SGT FA-FP Library Text Book 16/03/2016 AHUJA 695.00 SGTU 6404 2 611 H12K FA3685 12/04/2017 11/04/2017 22/12/2015 Books
    Dewey Decimal Classification     AYURVEDA SGT FA-FP Library SGT FA-FP Library Text Book 16/03/2016 AHUJA 695.00 SGTU 6404 7 611 H12K FA3686 02/01/2023 02/01/2023 22/12/2015 Books
    Dewey Decimal Classification     AYURVEDA SGT FA-FP Library SGT FA-FP Library Text Book 16/03/2016 AHUJA 695.00 SGTU 6404   611 H12K FA3687 16/03/2016   22/12/2015 Books
    Dewey Decimal Classification     AYURVEDA SGT FA-FP Library SGT FA-FP Library Text Book 16/03/2016 AHUJA 695.00 SGTU 6404   611 H12K FA3688 16/03/2016   22/12/2015 Books